|
|
|
|
| LEADER |
01316nam a22003497a 4500 |
| 001 |
34308 |
| 003 |
BD-DhAAL |
| 005 |
20250113122254.0 |
| 008 |
190225t2016 enka b 000 0 eng d |
| 010 |
|
|
|a 2011489751
|
| 020 |
|
|
|a 9781138976641 (pbk)
|
| 020 |
|
|
|a 9780710311085 (hbk)
|
| 035 |
|
|
|a (OCoLC)ocm64194675
|
| 040 |
|
|
|a BD-DhAAL
|
| 042 |
|
|
|a lccopycat
|
| 050 |
0 |
0 |
|a DU122.M87
|b K33 2010
|
| 082 |
0 |
4 |
|a 297.0994
|
| 100 |
1 |
|
|a Kabir, Nahid Afrose.
|9 30128
|
| 245 |
1 |
0 |
|a Muslims in Australia :
|b immigration, race relations and cultural history /
|c Nahid Afrose Kabir.
|
| 260 |
|
|
|a London :
|b Routledge/Taylor & Francis Group,
|c 2016
|
| 300 |
|
|
|a 352 pages :
|b illustrations ;
|c 24 cm.
|
| 490 |
1 |
|
|a Studies in anthropology, economy and society
|
| 504 |
|
|
|a Includes bibliographical references.
|
| 526 |
|
|
|a ENH
|
| 541 |
|
|
|a Trim Education
|e 34308
|
| 650 |
|
0 |
|a Muslims
|z Australia.
|9 30129
|
| 651 |
|
0 |
|a Australia
|x Race relations.
|9 30131
|
| 830 |
|
0 |
|a Studies in anthropology, economy and society.
|9 30133
|
| 852 |
|
|
|a Ayesha Abed Library
|c General Stacks
|
| 942 |
|
|
|2 ddc
|c BK
|
| 999 |
|
|
|c 40337
|d 40337
|
| 952 |
|
|
|0 0
|1 0
|2 ddc
|4 0
|6 297_099400000000000_KAB
|7 0
|9 65072
|a BRACUL
|b BRACUL
|c GEN
|d 2019-02-18
|e Trim Education
|g 2785.00
|l 3
|m 28
|o 297.0994 KAB
|p 3010034308
|r 2026-04-18
|s 2025-10-29
|t 1
|v 2785.00
|w 2019-02-18
|y BK
|